000 00295nam a22001337a 4500
008 170606b xxu||||| |||| 00| 0 eng d
020 _a9780582473003
041 _aeng
080 _a32
100 _a18
101 _aSHP
245 _aRUSSIAN POLITICS AND SOCIETY
_cDANKS,C
942 _2udc
_cBK
999 _c16194
_d16194